01366nam a2200397 i 450000100060000000300090000600500170001500800410003202000150007302000180008804000360010604600090014208000150015108000130016610000280017924501080020726000390031530000350035433600270038933700540041633800280047038000160049838800100051449000520052450400340057665000290061065000230063965500300066265800280069265800230072070000330074370000290077671000130080583000520081885600980087056626KOSZ 00520221025124005.0091207s2006 us |000 0 eng d a0121860310 a9780121860318 cKOSZ 005aKOSZ 005dKOSZ 005/HR k2006 a519.61/.64 a577.3:611 aDunn, Stanley M.eAutor10aNumerical methods in biomedical engineering /cStanley M. Dunn, Alkis Constantinides, Prabhas V. Moghe. aNew York [etc.],bElsevier,c2006. aXVIII, 615 s. :bil. ;c24 cm. 2rdacontentaTekstbtxt 2rdamediaaBez urządzenia pośredniczącegobn 2rdacarrieraWoluminbnc aKsiążki a2001-1 aAcademic Press Series in Biomedical Enginnering aBibliogr. przy rozdz. Indeks. 9aInżynieria biomedyczna 9aAnaliza numeryczna aPodręczniki akademickie aInżynieria i technika aMedycyna i zdrowie1 aConstantinides, AlkiseAutor1 aMoghe, Prabhas V.eAutor2 aElsevier 0aAcademic Press Series in Biomedical Engineering uhttp://koha.tu.koszalin.pl/cgi-bin/koha/opac-detail.pl?biblionumber=56626yKatalog online BPK